• 首页
  • 本馆介绍
  • 公告通知
  • 最新文献
  • 馆藏检索
  • 电子资源
  • 读者导购
  • 参考咨询
  • 我的图书馆
  • 登录
  • 详细信息显示
  • 放入我的书架
  • 预约/预借图书
  • 作者相关作品
  • 分类相关作品
  • 丛书相关作品
  • 出版社相关作品

书目信息

  • 表格格式
  • 工作单格式
  • 卡片格式
题名:
全国中小学美育改革创新优秀案例集
    
 
作者: ;教育部体育卫生与艺术教育司 组编
分册:  
出版信息: 长沙   湖南师范大学出版社  2019
页数: 322页
开本: 23cm
丛书名:
单 册:
中图分类: G633.950.2
科图分类:
主题词: 美育--教案(教育)--中小学
电子资源:
ISBN: 978-7-5648-3755-6
000 00975nam0 2200229 450
001 0100084527
005 20250616170255.4
010    @a978-7-5648-3755-6@dCNY58.00
100    @a20200609d2019 em y0chiy50 ea
101 0  @achi
102    @aCN@b430000
105    @ay z 000yy
106    @ar
200 1  @a全国中小学美育改革创新优秀案例集@9quan guo zhong xiao xue mei yu gai ge chuang xin you xiu an li ji@b专著@f教育部体育卫生与艺术教育司组编
210    @a长沙@c湖南师范大学出版社@d2019
215    @a322页@d23cm
330    @a本书收录了《完善保障机制,推进艺术教育健康发展》《创新培训模式,提升乡村美育教师素质》《“123”研训工作方式的探索与实践》《高中诗乐舞跨学科教学实践探索》等文章。
606 0  @a美育@x教案(教育)@x中小学
690    @aG633.950.2@v5
711 02 @a教育部体育卫生与艺术教育司@9jiao yu bu ti yu wei sheng yu yi shu jiao yu si@4组编
801    @aCN@b人天书店@c20250616
905    @b1624852-6@b216248530@b216248549@b216248558@b216248567@dG633.950.2@e479@f5
    
    全国中小学美育改革创新优秀案例集/教育部体育卫生与艺术教育司组编.-长沙:湖南师范大学出版社,2019
    322页;23cm
    
    
    ISBN 978-7-5648-3755-6:CNY58.00
    本书收录了《完善保障机制,推进艺术教育健康发展》《创新培训模式,提升乡村美育教师素质》《“123”研训工作方式的探索与实践》《高中诗乐舞跨学科教学实践探索》等文章。
●
相关链接 在E读中查询图书 在五车中查询图书 在当当中查询图书 在豆瓣中查询图书


正题名:全国中小学美育改革创新优秀案例集     索取号:G633.950.2/479         预约/预借

序号 登录号 条形码 馆藏地/架位号 状态 备注
1 1624852   216248521   第一样本阅览室/ [索取号:G633.950.2/479] 在馆    
2 1624853   216248530   第四借阅区/ [索取号:G633.950.2/479] 在馆    
3 1624854   216248549   第四借阅区/ [索取号:G633.950.2/479] 在馆    
4 1624855   216248558   第四借阅区/ [索取号:G633.950.2/479] 在馆    
5 1624856   216248567   第四借阅区/ [索取号:G633.950.2/479] 在馆    
唐山师范学院图书馆 欢迎您!
大连网信软件有限公司© 版权所有